000 00398cam a2200145ua 4500
020 _a0444825630
082 _a628.4457
_bCHA/MU
100 _aChandler, John A .
_91483
100 _aEighmy,Taylor T.
_91484
245 _aMunicipal Solid Waste in Cinerator Residue
260 _aNew York :
_bElsevier ,
_c1997.
300 _a974 ; .
500 _aStudies in Environmental Science 67
942 _cREF
999 _c4356
_d4356